[Event "Cry Me a Friied Liver"]
[Site "SchemingMind.com"]
[Date "2007.11.28"]
[Round "-"]
[White "cdevos"]
[Black "pardesi"]
[Result "1-0"]
[WhiteCountry "NED"]
[BlackCountry "USA"]
[WhiteElo "1566"]
[WhiteRD "94"]
[BlackElo "1461"]
[BlackRD "78"]
[GameID "130847"]

1. e4 e5 2. Nf3 Nc6 3. Bc4 Nf6 4. Ng5 d5 5. exd5 Nxd5 6. Nxf7 Kxf7 7. Qf3+ Ke6 8. Qe4 Na5 9. Na3 Bxa3 10. bxa3 Nxc4
11. Qxc4 Qg5 12. O-O c6 13. Bb2 Kf7 14. f4 exf4 15. Rxf4+ Qxf4 16. Rf1 Qxf1+ 17. Qxf1+ Nf6 18. h3 Re8 19. g4 b6 20. g5 Bxh3
21. Qxh3 Nd5 22. Qxh7 Rg8 23. c4 Ne7 24. Qh5+ Ng6 25. Qf3+ Ke7 26. Qe4+ Kf7 27. Qf5+ Ke7 28. Qxg6 Kf8 29. Qxc6 Re8 30. g6
1-0

[Event "Cry Me a Friied Liver"]
[Site "SchemingMind.com"]
[Date "2007.11.28"]
[Round "-"]
[White "pardesi"]
[Black "cdevos"]
[Result "1-0"]
[WhiteCountry "USA"]
[BlackCountry "NED"]
[WhiteElo "1514"]
[WhiteRD "62"]
[BlackElo "1543"]
[BlackRD "81"]
[GameID "130848"]

1. e4 e5 2. Nf3 Nc6 3. Bc4 Nf6 4. Ng5 d5 5. exd5 Nxd5 6. Nxf7 Kxf7 7. Qf3+ Ke6 8. Nc3 Nb4 9. O-O b5 10. Bb3 c6
11. a3 Na6 12. d4 Nc7 13. Re1 Bd6 14. Bf4 Rf8 15. Re2 g5 16. Nxd5 cxd5 17. dxe5 Be7 18. Qh3+ Kf7 19. Qxh7+ Ke8 20. Qg6+ Kd7
21. Bg3 Bb7 22. a4 a6 23. e6+ Kc8 24. Rd1 Rf6 25. Qd3 Rh6 26. Re5 Bf6 27. Rf5 Bxb2 28. Bxc7 Qxc7 29. Bxd5 Qxh2+ 30. Kf1 Qh1+
31. Ke2 Qh5+ 32. f3 Qe8 33. Bxb7+ Kxb7 34. a5 Qxe6+ 35. Kf2 Bd4+ 36. Qxd4 Qxf5 37. Qg7+ Kc8 38. Qxh6 Qxc2+ 39. Ke1 Qc7 40. Qe6+ Kb8
41. Qg8+ Ka7 42. Qxg5 Re8+ 43. Kf2 Re7 44. Qd2 Qc5+ 45. Qd4 Qxd4+ 46. Rxd4 Kb7 47. Re4 Rf7 48. g4 Rf6 49. f4 Kc6 50. Kf3 Kc5
51. g5 Rd6 52. f5 b4 53. g6 Rf6 54. Kf4 b3 55. g7 b2 56. g8=Q b1=Q 57. Rc4+ Kd6 58. Qd8#
1-0

[Event "Cry Me a Friied Liver"]
[Site "SchemingMind.com"]
[Date "2007.12.30"]
[Round "-"]
[White "jtrochez1"]
[Black "pardesi"]
[Result "0-1"]
[WhiteCountry "HON"]
[BlackCountry "USA"]
[WhiteElo "1579"]
[WhiteRD "50"]
[BlackElo "1573"]
[BlackRD "63"]
[GameID "134986"]

1. e4 e5 2. Nf3 Nc6 3. Bc4 Nf6 4. Ng5 d5 5. exd5 Nxd5 6. Nxf7 Kxf7 7. O-O Be6 8. Nc3 Nxc3 9. Bxe6+ Kxe6 10. bxc3 Bd6
11. Qg4+ Kf7 12. d3 Rf8 13. Qc4+ Ke8 14. Qg4 Rf7 15. d4 Kf8 16. d5 Ne7 17. c4 Ng6 18. Be3 Kg8 19. c5 Be7 20. c4 a5
21. a4 Rb8 22. Rfd1 Nf8 23. Rd3 Nd7 24. c6 Nb6 25. Bxb6 cxb6 26. Rad1 Bd6 27. Qe4 Rf4 28. Qe2 Rxc4 29. Ra1 Qf6 30. Rf3 Rf4
31. Rb1 Bc5 32. Rd1 bxc6 33. Rxf4 exf4 34. Qe6+ Qxe6 35. dxe6 Be7 36. f3 Rd8 37. Rxd8+ Bxd8 38. Kf2 Kf8 39. Ke2 Ke7 40. Kd3 Kxe6
41. Kd4 Bf6+ 42. Kc4 g5 43. g4 Bg7 44. h3 h6 45. Kd3 Kd5 46. Kc2 Kc4 47. Kb1 b5 48. axb5 cxb5 49. Ka2 Kc3
0-1

[Event "Cry Me a Friied Liver"]
[Site "SchemingMind.com"]
[Date "2007.12.26"]
[Round "-"]
[White "jtrochez1"]
[Black "cdevos"]
[Result "0-1"]
[WhiteCountry "HON"]
[BlackCountry "NED"]
[WhiteElo "1511"]
[WhiteRD "50"]
[BlackElo "1566"]
[BlackRD "94"]
[GameID "134987"]

1. e4 e5 2. Nf3 Nc6 3. Bc4 Nf6 4. Ng5 d5 5. exd5 Nxd5 6. Nxf7 Kxf7 7. c3 Be6 8. Bf1 Nf4 9. d3 Qd5 10. Bxf4 exf4
11. Nd2 Ne5 12. h3 Nxd3+ 13. Bxd3 Qxd3 14. Nf3 Qe4+ 15. Kf1 Qf5 16. b3 Bc5 17. Nd4 Bxd4 18. cxd4 Rhe8 19. f3 Rad8 20. Kf2 Qf6
21. Re1 Qh4+ 22. Kg1 Bd5 23. Rxe8 Rxe8 24. Qf1 c6 25. Qf2 Qg3 26. Qxg3 fxg3 27. Kf1 g5 28. Re1 Rxe1+ 29. Kxe1 b5 30. Kd2 b4
31. Ke3 Kf6 32. Kd3 Kf5 33. Ke3 a5 34. Kd3 Kf4 35. Ke2 h6 36. Kd3 Bxf3
0-1

[Event "Cry Me a Friied Liver"]
[Site "SchemingMind.com"]
[Date "2007.12.30"]
[Round "-"]
[White "pardesi"]
[Black "jtrochez1"]
[Result "1-0"]
[WhiteCountry "USA"]
[BlackCountry "HON"]
[WhiteElo "1406"]
[WhiteRD "59"]
[BlackElo "1580"]
[BlackRD "57"]
[GameID "134988"]

1. e4 e5 2. Nf3 Nc6 3. Bc4 Nf6 4. Ng5 d5 5. exd5 Nxd5 6. Nxf7 Kxf7 7. Qf3+ Qf6 8. Bxd5+ Be6 9. Bxc6 bxc6 10. Qxc6 Bd6
11. Nc3 Rhd8 12. d3 Bd7 13. Qc4+ Qe6 14. Qb3 Qxb3 15. axb3 c6 16. Ne4 Be7 17. O-O Kg8 18. Ra5 Bf6 19. Bg5 Bxg5 20. Nxg5 h6
21. Nf3 Be8 22. Rxe5 Bf7 23. Rfe1 Re8 24. Rxe8+ Rxe8 25. Rxe8+ Bxe8 26. b4 a6 27. Kf1 Bf7 28. Ke2 g5 29. Ne5 Bd5 30. f3 Kg7
31. Ke3 Kf6 32. d4 Ke6 33. g3 Kf6 34. h3 h5 35. b3 Kf5 36. c4 Be6 37. Nxc6 h4 38. g4+ Kf6 39. d5 Bd7 40. b5 axb5
41. cxb5 Bc8 42. Na5 Ke5 43. b6 Kxd5 44. b7 Bxb7 45. Nxb7 Kc6 46. f4 gxf4+ 47. Kxf4 Kxb7 48. g5
1-0

[Event "Cry Me a Friied Liver"]
[Site "SchemingMind.com"]
[Date "2007.12.26"]
[Round "-"]
[White "cdevos"]
[Black "jtrochez1"]
[Result "1-0"]
[WhiteCountry "NED"]
[BlackCountry "HON"]
[WhiteElo "1566"]
[WhiteRD "94"]
[BlackElo "1511"]
[BlackRD "50"]
[GameID "134989"]

1. e4 e5 2. Nf3 Nc6 3. Bc4 Nf6 4. Ng5 d5 5. exd5 Nxd5 6. Nxf7 Kxf7 7. Qf3+ Ke6 8. Nc3 Qf6 9. Qxd5+ Ke7 10. Ne4 Qf5
11. d3 Nb4 12. Bg5+ Ke8 13. Qd8#
1-0

[Event "Cry Me a Friied Liver"]
[Site "SchemingMind.com"]
[Date "2007.12.31"]
[Round "-"]
[White "mrique"]
[Black "jtrochez1"]
[Result "0-1"]
[WhiteCountry "USA"]
[BlackCountry "HON"]
[WhiteElo "1460"]
[WhiteRD "69"]
[BlackElo "1579"]
[BlackRD "50"]
[GameID "135652"]

1. e4 e5 2. Nf3 Nc6 3. Bc4 Nf6 4. Ng5 d5 5. exd5 Nxd5 6. Nxf7 Kxf7 7. Qf3+ Qf6 8. Bxd5+ Ke7 9. Qa3+ Kd8 10. Qa4 Nd4
11. O-O Bd6 12. Nc3 Bd7 13. Qc4 c6 14. Be4 b5 15. Qd3 a6 16. Qe3 Nxc2 17. Bxc2 Kc7 18. Ne4 Qe7 19. d4 exd4 20. Qxd4 c5
21. Qd1 h6 22. Be3 g5 23. Nxd6 Qxd6 24. Qxd6+ Kxd6 25. Rad1+ Kc7 26. Bxc5 Rac8 27. Rfe1 Rhe8 28. Rxe8 Rxe8 29. Bd6+ Kc8 30. Kf1 g4
31. Bg6 Re6
0-1

[Event "Cry Me a Friied Liver"]
[Site "SchemingMind.com"]
[Date "2008.01.04"]
[Round "-"]
[White "mrique"]
[Black "pardesi"]
[Result "0-1"]
[WhiteCountry "USA"]
[BlackCountry "USA"]
[WhiteElo "1460"]
[WhiteRD "69"]
[BlackElo "1573"]
[BlackRD "63"]
[GameID "135653"]

1. e4 e5 2. Nf3 Nc6 3. Bc4 Nf6 4. Ng5 d5 5. exd5 Nxd5 6. Nxf7 Kxf7 7. Qf3+ Ke6 8. Nc3 Nb4 9. Bb3 c6 10. O-O Bd6
11. Nxd5 cxd5 12. c3 e4 13. Qg4+ Ke7 14. Qxg7+ Ke6 15. Qh6+ Qf6 16. Qh3+ Ke7 17. Qh5 Nd3 18. Qxd5 Be6 19. Qxe4 Nc5 20. Qc2 Qe5
21. g3 Qe2
0-1

[Event "Cry Me a Friied Liver"]
[Site "SchemingMind.com"]
[Date "2008.01.04"]
[Round "-"]
[White "mrique"]
[Black "cdevos"]
[Result "1-0"]
[WhiteCountry "USA"]
[BlackCountry "NED"]
[WhiteElo "1460"]
[WhiteRD "69"]
[BlackElo "1367"]
[BlackRD "71"]
[GameID "135654"]

1. e4 e5 2. Nf3 Nc6 3. Bc4 Nf6 4. Ng5 d5 5. exd5 Nxd5 6. Nxf7 Kxf7 7. Qf3+ Ke6 8. Bxd5+ Qxd5 9. Qxd5+ Kxd5 10. Nc3+ Kc5
11. O-O Nd4 12. Ne4+ Kc6 13. c3 Nc2 14. Rb1 Bf5 15. d3 Bc5 16. b4 Bb6 17. b5+ Kd7 18. Bb2 Raf8 19. c4 Nd4 20. Rbd1 Kc8
21. Nc3 Rf6 22. Nd5
1-0

[Event "Cry Me a Friied Liver"]
[Site "SchemingMind.com"]
[Date "2008.01.03"]
[Round "-"]
[White "jtrochez1"]
[Black "mrique"]
[Result "1-0"]
[WhiteCountry "HON"]
[BlackCountry "USA"]
[WhiteElo "1556"]
[WhiteRD "53"]
[BlackElo "1582"]
[BlackRD "73"]
[GameID "135655"]

1. e4 e5 2. Nf3 Nc6 3. Bc4 Nf6 4. Ng5 d5 5. exd5 Nxd5 6. Nxf7 Kxf7 7. Qf3+ Ke6 8. c3 Ne7 9. d4 Ng6 10. Bf1 Kd6
11. c4 Nf6 12. dxe5+ Nxe5 13. Qb3 Kd7 14. Be2 c6 15. O-O Kc7 16. Nc3 Qd4 17. Be3 Qh4 18. Rad1 Nfg4 19. Bxg4 Nxg4 20. Bf4+ Bd6
21. Bxd6+ Kd8 22. Bg3+ Ke8 23. Bxh4 Be6 24. Qxb7 Rc8 25. Qe7#
1-0

[Event "Cry Me a Friied Liver"]
[Site "SchemingMind.com"]
[Date "2008.01.04"]
[Round "-"]
[White "pardesi"]
[Black "mrique"]
[Result "1-0"]
[WhiteCountry "USA"]
[BlackCountry "USA"]
[WhiteElo "1573"]
[WhiteRD "63"]
[BlackElo "1460"]
[BlackRD "69"]
[GameID "135656"]

1. e4 e5 2. Nf3 Nc6 3. Bc4 Nf6 4. Ng5 d5 5. exd5 Nxd5 6. Nxf7 Kxf7 7. Qf3+ Ke6 8. Nc3 Ne7 9. d4 exd4 10. Qe4+ Kf7
11. Nxd5 Ke8 12. Bg5 c5 13. O-O Qd6 14. Rfe1 Bf5 15. Qxf5 h6 16. Bxe7 Bxe7 17. Nxe7 Kd8 18. Re6 Qd7 19. Qxc5 Qc7 20. Qxd4+ Qd7
21. Rd6
1-0

[Event "Cry Me a Friied Liver"]
[Site "SchemingMind.com"]
[Date "2008.01.04"]
[Round "-"]
[White "cdevos"]
[Black "mrique"]
[Result "0-1"]
[WhiteCountry "NED"]
[BlackCountry "USA"]
[WhiteElo "1321"]
[WhiteRD "70"]
[BlackElo "1439"]
[BlackRD "73"]
[GameID "135657"]

1. e4 e5 2. Nf3 Nc6 3. Bc4 Nf6 4. Ng5 d5 5. exd5 Nxd5 6. Nxf7 Kxf7 7. Nc3 Be6 8. Ne4 Nd4 9. d3 Ke8 10. Qh5+ Kd7
11. Kd1 c6 12. Qxe5 Nf5 13. Ng5 Qf6 14. Qe4 Re8 15. Re1 Bb4 16. Bxd5 Bxe1 17. Bxe6+ Rxe6 18. Nxe6 Qxe6 19. Qxe1 Qxe1+ 20. Kxe1 Nd4
21. Kd2 Re8 22. c3 Ne2 23. Kc2 Nxc1
0-1

[Event "Cry Me a Friied Liver"]
[Site "SchemingMind.com"]
[Date "2008.01.22"]
[Round "-"]
[White "Bacon"]
[Black "jtrochez1"]
[Result "1/2-1/2"]
[WhiteCountry "BER"]
[BlackCountry "HON"]
[WhiteElo "1177"]
[WhiteRD "91"]
[BlackElo "1556"]
[BlackRD "53"]
[GameID "138548"]

1. e4 e5 2. Nf3 Nc6 3. Bc4 Nf6 4. Ng5 d5 5. exd5 Nxd5 6. Nxf7 Kxf7 7. Qf3+ Qf6 8. Bxd5+ Be6 9. Bxe6+ Kxe6 10. Qxf6+ gxf6
11. O-O Nd4 12. a3 Nxc2 13. Ra2 c5 14. b3 Rd8 15. Rxc2 Rg8 16. h3 Rg6 17. Nc3 a6 18. Ne4 b6 19. b4 cxb4 20. Rc6+ Kf5
21. Re1 Bc5 22. Nxc5 bxc5 23. Rxa6 bxa3 24. Bxa3 c4 25. Rc6 Rxd2 26. Be7 Rd4 27. g4+ Kg5 28. f3 Kf4 29. Bxf6 Kxf3 30. Rxe5 Rd1+
31. Kh2 Rd2+ 32. Kh1 Rd1+ 33. Kh2 Rd2+ 34. Kg1 Rd1+ 35. Kh2 Rd2+ 36. Kg1 Rd1+
1/2-1/2

[Event "Cry Me a Friied Liver"]
[Site "SchemingMind.com"]
[Date "2008.01.23"]
[Round "-"]
[White "Bacon"]
[Black "mrique"]
[Result "1-0"]
[WhiteCountry "BER"]
[BlackCountry "USA"]
[WhiteElo "1285"]
[WhiteRD "82"]
[BlackElo "1460"]
[BlackRD "69"]
[GameID "138549"]

1. e4 e5 2. Nf3 Nc6 3. Bc4 Nf6 4. Ng5 d5 5. exd5 Nxd5 6. Nxf7 Kxf7 7. a3 Bc5 8. Nc3 Be6 9. Bxd5 Bxd5 10. O-O Be6
11. h3 Rf8 12. Ne4 Bb6 13. d3 Kg8 14. Ng5 Bd7 15. Qh5 Bf5 16. g4 Bg6 17. Ne6 Qe7 18. Qg5 Qxe6 19. Be3 h6 20. Qh4
1-0

[Event "Cry Me a Friied Liver"]
[Site "SchemingMind.com"]
[Date "2008.01.27"]
[Round "-"]
[White "Bacon"]
[Black "pardesi"]
[Result "0-1"]
[WhiteCountry "BER"]
[BlackCountry "USA"]
[WhiteElo "1177"]
[WhiteRD "91"]
[BlackElo "1514"]
[BlackRD "62"]
[GameID "138550"]

1. e4 e5 2. Nf3 Nc6 3. Bc4 Nf6 4. Ng5 d5 5. exd5 Nxd5 6. Nxf7 Kxf7 7. Nc3 Be6 8. Bxd5 Bxd5 9. Nxd5 Qxd5 10. O-O Bd6
11. h3 Rhe8 12. Qf3+ Qxf3 13. gxf3 Nd4 14. c3 Nxf3+ 15. Kg2 e4 16. d3 Nh4+ 17. Kh1 exd3 18. f4 Re2 19. Rd1 Rae8 20. Rxd3 Re1+
21. Kh2 Rxc1 22. Rxc1 Bxf4+ 23. Kh1 Bxc1 24. Rd7+ Kg6 25. Rxc7 Re1+ 26. Kh2 Bf4#
0-1

[Event "Cry Me a Friied Liver"]
[Site "SchemingMind.com"]
[Date "2008.01.27"]
[Round "-"]
[White "Bacon"]
[Black "cdevos"]
[Result "1-0"]
[WhiteCountry "BER"]
[BlackCountry "NED"]
[WhiteElo "1285"]
[WhiteRD "82"]
[BlackElo "1367"]
[BlackRD "71"]
[GameID "138551"]

1. e4 e5 2. Nf3 Nc6 3. Bc4 Nf6 4. Ng5 d5 5. exd5 Nxd5 6. Nxf7 Kxf7 7. Nc3 Ke6 8. Qf3 Nb4 9. Bxd5+ Nxd5 10. O-O Bc5
11. Ne4 b6 12. Qg4+ Kf7 13. Qh5+ Ke6 14. Ng5+ Kf6 15. Nf7 Qe8 16. Qf3+ Nf4 17. Nxh8 c6 18. Qe4 Bf5 19. Qf3 e4 20. Qxf4 Qxh8
21. Qc7
1-0

[Event "Cry Me a Friied Liver"]
[Site "SchemingMind.com"]
[Date "2008.01.23"]
[Round "-"]
[White "jtrochez1"]
[Black "Bacon"]
[Result "0-1"]
[WhiteCountry "HON"]
[BlackCountry "BER"]
[WhiteElo "1579"]
[WhiteRD "50"]
[BlackElo "1285"]
[BlackRD "82"]
[GameID "138552"]

1. e4 e5 2. Nf3 Nc6 3. Bc4 Nf6 4. Ng5 d5 5. exd5 Nxd5 6. Nxf7 Kxf7 7. O-O Be6 8. Bxd5 Bxd5 9. d3 Bc5 10. c3 a5
11. Be3 b6 12. Nd2 Re8 13. c4 Be6 14. Ne4 Kg8 15. Bxc5 bxc5 16. Nxc5 Nd4 17. Nxe6 Rxe6 18. Re1 c5 19. b3 Ra7 20. Rc1 Rae7
21. Re4 g5 22. Rg4 Rg7 23. Qd2 Qf6 24. Qe3 Qf5 25. Re4 Rd6 26. Rxe5 Qf4 27. Re8+ Kf7 28. Re4 Qxe3 29. Rxe3 Re6 30. Rxe6 Kxe6
31. f3 Ne2+
0-1

[Event "Cry Me a Friied Liver"]
[Site "SchemingMind.com"]
[Date "2008.01.24"]
[Round "-"]
[White "mrique"]
[Black "Bacon"]
[Result "0-1"]
[WhiteCountry "USA"]
[BlackCountry "BER"]
[WhiteElo "1460"]
[WhiteRD "69"]
[BlackElo "1285"]
[BlackRD "82"]
[GameID "138553"]

1. e4 e5 2. Nf3 Nc6 3. Bc4 Nf6 4. Ng5 d5 5. exd5 Nxd5 6. Nxf7 Kxf7 7. Qf3+ Ke6 8. Nc3 Nb4 9. Bb3 Be7 10. a3 Nc6
11. Nxd5 Nd4 12. Nxc7+ Kd6 13. Qd5+ Kxc7 14. Qxe5+ Qd6 15. Qa5+ b6 16. Qc3+ Kb7 17. O-O Bf6 18. Qd3 g6 19. Qe4+ Nc6
0-1

[Event "Cry Me a Friied Liver"]
[Site "SchemingMind.com"]
[Date "2008.01.27"]
[Round "-"]
[White "pardesi"]
[Black "Bacon"]
[Result "1-0"]
[WhiteCountry "USA"]
[BlackCountry "BER"]
[WhiteElo "1514"]
[WhiteRD "62"]
[BlackElo "1177"]
[BlackRD "91"]
[GameID "138554"]

1. e4 e5 2. Nf3 Nc6 3. Bc4 Nf6 4. Ng5 d5 5. exd5 Nxd5 6. Nxf7 Kxf7 7. Qf3+ Ke8 8. Bxd5 Be7 9. Qf7+ Kd7 10. Qe6+ Ke8
11. Qf7+ Kd7 12. Be6+ Kd6 13. Bc4 Rf8 14. Qd5#
1-0

[Event "Cry Me a Friied Liver"]
[Site "SchemingMind.com"]
[Date "2008.01.27"]
[Round "-"]
[White "cdevos"]
[Black "Bacon"]
[Result "1-0"]
[WhiteCountry "NED"]
[BlackCountry "BER"]
[WhiteElo "1543"]
[WhiteRD "81"]
[BlackElo "1177"]
[BlackRD "91"]
[GameID "138555"]

1. e4 e5 2. Nf3 Nc6 3. Bc4 Nf6 4. Ng5 d5 5. exd5 Nxd5 6. Nxf7 Kxf7 7. Qf3+ Ke6 8. Nc3 e4 9. Qg4+ Ke5 10. Qxe4+ Kf6
11. Nxd5+ Kg5 12. d4+ Kh5 13. Be2+ Bg4 14. Qxg4#
1-0

[Event "Cry Me a Friied Liver"]
[Site "SchemingMind.com"]
[Date "2008.01.24"]
[Round "-"]
[White "Brerrabbit"]
[Black "jtrochez1"]
[Result "1-0"]
[WhiteCountry "SCO"]
[BlackCountry "HON"]
[WhiteElo "1464"]
[WhiteRD "62"]
[BlackElo "1548"]
[BlackRD "57"]
[GameID "138760"]

1. e4 e5 2. Nf3 Nc6 3. Bc4 Nf6 4. Ng5 d5 5. exd5 Nxd5 6. Nxf7 Kxf7 7. Qf3+ Qf6 8. Bxd5+ Ke7 9. Nc3 Qxf3 10. Bxf3 Nd4
11. Be4 c6 12. O-O Kd6 13. b3 Bf5 14. Bxf5 Nxf5 15. Ba3+ Ke6 16. Bxf8 Rhxf8 17. Rae1 Nd4 18. f4 Rf5 19. g4 Rf7 20. f5+ Kf6
21. g5+ Kxg5 22. Rxe5 Nxf5 23. Ne4+ Kg4 24. Nf2+ Kg5 25. Ne4+ Kg6 26. h4 h5 27. Ng5 Rf6 28. d4 Nxd4 29. Re7 b6 30. Ne4 Nf3+
31. Kf2 Nxh4+ 32. Nxf6 gxf6 33. Rg1+ Kf5 34. Rh7 Rd8 35. Rxh5+ Ke6 36. Rxh4 Rd2+ 37. Kf3 Rxc2 38. Re1+ Kd5 39. Rd1+ Ke6 40. Re4+ Kf5
41. Rdd4 Rxa2 42. Rf4+ Ke5 43. Rde4+ Kd5 44. Rxf6 Ra1 45. Rf5+ Kd6 46. Rd4+ Ke7 47. Re5+ Kf6 48. Re2 Rf1+ 49. Kg2 c5 50. Rd6+
1-0

[Event "Cry Me a Friied Liver"]
[Site "SchemingMind.com"]
[Date "2008.01.28"]
[Round "-"]
[White "Brerrabbit"]
[Black "mrique"]
[Result "1-0"]
[WhiteCountry "SCO"]
[BlackCountry "USA"]
[WhiteElo "1371"]
[WhiteRD "67"]
[BlackElo "1460"]
[BlackRD "69"]
[GameID "138761"]

1. e4 e5 2. Nf3 Nc6 3. Bc4 Nf6 4. Ng5 d5 5. exd5 Nxd5 6. Nxf7 Kxf7 7. Qf3+ Ke6 8. Nc3 Ne7 9. O-O c6 10. d3 Kd6
11. Re1 Be6 12. d4 exd4 13. Ne4+ Kc7 14. Bf4+ Kd7 15. Nc5+ Kc8 16. Nxe6 Qd7 17. Rad1 b5 18. Bxd5 Nxd5 19. Rxd4 Bd6 20. Nc5
1-0

[Event "Cry Me a Friied Liver"]
[Site "SchemingMind.com"]
[Date "2008.01.25"]
[Round "-"]
[White "Brerrabbit"]
[Black "pardesi"]
[Result "0-1"]
[WhiteCountry "SCO"]
[BlackCountry "USA"]
[WhiteElo "1282"]
[WhiteRD "68"]
[BlackElo "1514"]
[BlackRD "62"]
[GameID "138762"]

1. e4 e5 2. Nf3 Nc6 3. Bc4 Nf6 4. Ng5 d5 5. exd5 Nxd5 6. Nxf7 Kxf7 7. Qf3+ Ke6 8. Bxd5+ Qxd5 9. Nc3 Qxf3 10. gxf3 Nd4
11. Kd1 Nxf3 12. d3 Bc5 13. Ke2 Rf8 14. h4 Nd4+ 15. Kf1 Nxc2 16. Rb1 Rxf2+ 17. Kg1 b6 18. Bg5 Bb7 19. Rh2 Rf3+ 20. Kg2 Ne3+
21. Bxe3 Rxe3+ 22. Kf1 Rf8+ 23. Rf2 Rxf2+ 24. Kxf2 Rh3+ 25. Ke2 Rh2+ 26. Kd1 Bf3+ 27. Ke1 Rxh4 28. b4 Bd4 29. Ne2 Rh1+
0-1

[Event "Cry Me a Friied Liver"]
[Site "SchemingMind.com"]
[Date "2008.01.29"]
[Round "-"]
[White "Brerrabbit"]
[Black "cdevos"]
[Result "1-0"]
[WhiteCountry "SCO"]
[BlackCountry "NED"]
[WhiteElo "1371"]
[WhiteRD "67"]
[BlackElo "1367"]
[BlackRD "71"]
[GameID "138763"]

1. e4 e5 2. Nf3 Nc6 3. Bc4 Nf6 4. Ng5 d5 5. exd5 Nxd5 6. Nxf7 Kxf7 7. Qf3+ Ke6 8. O-O Nd4 9. Qd3 Kf7 10. c3 Bf5
11. Qe3 Nc2 12. Qxe5 Be6 13. Bxd5
1-0

[Event "Cry Me a Friied Liver"]
[Site "SchemingMind.com"]
[Date "2008.01.24"]
[Round "-"]
[White "Brerrabbit"]
[Black "Bacon"]
[Result "1-0"]
[WhiteCountry "SCO"]
[BlackCountry "BER"]
[WhiteElo "1371"]
[WhiteRD "67"]
[BlackElo "1285"]
[BlackRD "82"]
[GameID "138764"]

1. e4 e5 2. Nf3 Nc6 3. Bc4 Nf6 4. Ng5 d5 5. exd5 Nxd5 6. Nxf7 Kxf7 7. Qf3+ Ke6 8. Qxd5+ Qxd5 9. Bxd5+ Kxd5 10. Nc3+ Kd6
11. d3 Nd4 12. Ne4+ Ke7 13. Bg5+ Ke8 14. Rc1 h6 15. Be3 Bc5 16. Nxc5 Rf8 17. c3 b6 18. cxd4 bxc5 19. dxe5 Ba6 20. O-O Bxd3
21. Rfd1 Be2 22. Rd2 Bg4 23. h3 Be6 24. b3 Rf5 25. f4 g5 26. Rxc5 gxf4 27. Bf2 f3 28. g4 Rg5 29. Bh4 Bxg4 30. Bxg5 Bxh3
31. Bxh6 Kf7 32. Rf2 Bg2 33. Rd2 Kg6 34. Rc6+ Kh5 35. Be3 Rg8 36. Rh6+ Kg4 37. Rd4+ Kf5 38. Rh5+ Kg6 39. Rg5+ Kf7 40. Rd7+ Kf8
41. Bc5+ Ke8 42. Re7+ Kf8 43. Reg7+ Ke8 44. Rxg8+ Kd7 45. R5g6 a6 46. e6+ Kc6 47. e7+ Kxc5 48. e8=Q Kb4 49. Qa4+ Kc3 50. Rc6+ Kd3
51. Re8 f2+ 52. Kxf2 Bxc6 53. Qc4+ Kd2 54. Re2+ Kd1 55. Qc2#
1-0

[Event "Cry Me a Friied Liver"]
[Site "SchemingMind.com"]
[Date "2008.01.28"]
[Round "-"]
[White "jtrochez1"]
[Black "Brerrabbit"]
[Result "1-0"]
[WhiteCountry "HON"]
[BlackCountry "SCO"]
[WhiteElo "1556"]
[WhiteRD "53"]
[BlackElo "1282"]
[BlackRD "68"]
[GameID "138765"]

1. e4 e5 2. Nf3 Nc6 3. Bc4 Nf6 4. Ng5 d5 5. exd5 Nxd5 6. Nxf7 Kxf7 7. Bxd5+ Qxd5 8. O-O Bc5 9. Nc3 Qe6 10. Ne4 Qd5
11. Qf3+ Ke8 12. Nf6+ gxf6 13. Qxd5 Bb6 14. c3 Rg8 15. Qxg8+
1-0

[Event "Cry Me a Friied Liver"]
[Site "SchemingMind.com"]
[Date "2008.01.28"]
[Round "-"]
[White "pardesi"]
[Black "Brerrabbit"]
[Result "1-0"]
[WhiteCountry "USA"]
[BlackCountry "SCO"]
[WhiteElo "1514"]
[WhiteRD "62"]
[BlackElo "1282"]
[BlackRD "68"]
[GameID "138767"]

1. e4 e5 2. Nf3 Nc6 3. Bc4 Nf6 4. Ng5 d5 5. exd5 Nxd5 6. Nxf7 Kxf7 7. Qf3+ Ke8 8. Bxd5 Qe7 9. Bxc6+ Bd7 10. Bxb7 Rb8
11. O-O Qe6 12. Bd5 Qe7 13. Re1 c6 14. Bb3 Be6 15. Rxe5 Qd7 16. Rxe6+ Be7 17. d3 Rf8 18. Qh5+ Kd8 19. Bg5 Bxg5 20. Qxg5+ Kc8
21. Nc3 Rxb3 22. axb3 Qxe6 23. Ne4 h6 24. Qxg7 Rf7 25. Qg8+ Kc7 26. Rxa7+ Kb6 27. Qxf7 Qc8 28. Nd6 Qg4 29. Nc4+ Kc5 30. Ra5+
1-0

[Event "Cry Me a Friied Liver"]
[Site "SchemingMind.com"]
[Date "2008.01.29"]
[Round "-"]
[White "cdevos"]
[Black "Brerrabbit"]
[Result "0-1"]
[WhiteCountry "NED"]
[BlackCountry "SCO"]
[WhiteElo "1367"]
[WhiteRD "71"]
[BlackElo "1371"]
[BlackRD "67"]
[GameID "138768"]

1. e4 e5 2. Nf3 Nc6 3. Bc4 Nf6 4. Ng5 d5 5. exd5 Nxd5 6. Nxf7 Kxf7 7. Qf3+ Ke6 8. Nc3 Nd4 9. Bxd5+ Kd6 10. Qd3 c6
11. Bf7 Bf5 12. Ne4+ Ke7
0-1

[Event "Cry Me a Friied Liver"]
[Site "SchemingMind.com"]
[Date "2008.01.24"]
[Round "-"]
[White "Bacon"]
[Black "Brerrabbit"]
[Result "1-0"]
[WhiteCountry "BER"]
[BlackCountry "SCO"]
[WhiteElo "1177"]
[WhiteRD "91"]
[BlackElo "1282"]
[BlackRD "68"]
[GameID "138769"]

1. e4 e5 2. Nf3 Nc6 3. Bc4 Nf6 4. Ng5 d5 5. exd5 Nxd5 6. Nxf7 Kxf7 7. O-O Ke8 8. Qf3 Bc5 9. Bxd5 Qe7 10. Bxc6+ Kd8
11. Bxb7 Rb8 12. Bxc8 Rxc8 13. a3 e4 14. Qc3 Rf8 15. d4 Bd6 16. h3 c5 17. d5 Qe5 18. Qxe5 Bxe5 19. Nd2 c4 20. Nxe4 Rc5
21. Nxc5
1-0